| 000 | 00960cam a22003137a 4500 | ||
|---|---|---|---|
| 003 | CHAP | ||
| 005 | 20220329142253.0 | ||
| 008 | 000413d mx r 00010 spa d | ||
| 010 | _a80846 | ||
| 011 | _a81818 | ||
| 020 | _a0881924105 | ||
| 035 | _a92299 | ||
| 040 | _cCHAP | ||
| 082 | 0 | 4 |
_a584.324 _bM2 |
| 100 | 0 | 0 |
_aMcRae, Edward Austin. _973749 |
| 245 | 1 | 0 |
_aLilies : _ba guide for growers and collectors _c/by Edward Austin McRae |
| 260 |
_aOregon : _bTimber Press, _c1998. |
||
| 300 |
_a392 p. : _bilus. |
||
| 590 |
_aBATCH-UPD _b10 _c20130110 _lUCH01 _h0833 |
||
| 590 |
_aBATCH-UPD _b10 _c20130410 _lUCH01 _h0511 |
||
| 590 |
_aBATCH-UPD _b10 _c20130914 _lUCH01 _h1724 |
||
| 590 |
_aCONVERSION _b10 _c20130109 _lUCH01 _h1345 |
||
| 650 | 1 | 4 |
_aLiliáceas. _966769 |
| 650 | 1 | 4 |
_aLilium. _966770 |
| 901 | _aBK | ||
| 905 | _aGuadalupe Pinto C. | ||
| 942 | _cLIBRO | ||
| 949 |
_a584.324 M2 _bBC _cLIBRO _d33724000757530 _eLIBRO _gI. 203129 _h97755 _i92299 _si _t$ 531.00 |
||
| 999 |
_c80846 _d80846 |
||